000 00379nam a2200145Ia 4500
008 240624s9999 xx 000 0 und d
041 _aeng
082 _a332.64 BRO
100 _aBROWN CONSTANCE M
245 _aTECHNICAL ANALYSIS FOR THE TRADING PROFE
250 _a(2nd ed.)
260 _c2012
_aNew Delhi
_bMcGraw-Hill
300 _axiv, : 450 : p. : cm. ; 23
365 _cRS
999 _c24375
_d24375